| 000 | 00644nam a2200217Ia 4500 | ||
|---|---|---|---|
| 003 | OSt | ||
| 005 | 20240508093425.0 | ||
| 008 | 210210b1979 xxu||||| |||| 00| 0 eng d | ||
| 040 | _cAL | ||
| 041 | _aKannada | ||
| 082 | _aK894.4 SHRI | ||
| 100 |
_aVyasabharata _9157631 _d ವ್ಯಾಸ ಭಾರತ |
||
| 245 |
_aShrimanmahabharata.S16. _bಶ್ರೀ ಮನ್ಮಹಾಭಾರತ ಸಂ: ೧೬ |
||
| 260 |
_aBengaluru _bBharata Darshana Prakashana _c1979 |
||
| 300 | _axxxii,2922 | ||
| 440 |
_a16 _9157632 |
||
| 650 |
_aMahabharata Vyasa Dronaparva _9157633 |
||
| 690 |
_aKannada Prose _9157634 |
||
| 906 | _a034290 | ||
| 942 |
_2ddc _cBK |
||
| 999 |
_c85348 _d85348 |
||